Statistics for Countries that appear in COD MW Original

Click here to take the quiz!

General Stats

  • This quiz has been taken 11 times
  • The average score is 14 of 18

Answers on the Map

Answers color-coded by a green-red scale on the quiz's map according to % correct below.
 

Answer Stats

HintAnswer% Correct
3France
100%
3Germany
100%
1,2,3Russia
100%
1Ukraine/USSR
100%
1,3United Kingdom
100%
2,3United States
100%
2Brazil
83%
3India
83%
1Iraq
83%
1Azerbaijan
67%
3Czechia
67%
2Kazakhstan
67%
1Saudi Arabia
67%
2Afghanistan
50%
2Georgia
50%
3Sierra Leone
50%
3Somalia
50%
3United Arab Emirates
50%

Score Distribution

Percentile by Number Answered

Percent of People with Each Score

Your Score History

You have not taken this quiz